00845nam a2200217 i 450000100060000000300090000600500170001500700030003200800410003510000370007624501310011326000520024430000220029649000390031865000340035771000360039183000350042785200220046299900170048495201260050179166ES-MaACL20250712081856.0t|041020s1958 sp ||||1| spa d1 aHernández Gil, Félix.96294414aLas arras en el derecho de la contratación b: (en torno al artículo 1454 del Código civil) / cFélix Hernández Gil. aSalamanca : bUniversidad de Salamanca, c1958. a110 p. ; c25 cm.1 aActa Salmanticensia. Derecho ; v2 4aContratos-zEspaña.91690002 aUniversidad de Salamanca.9727510aActa Salmanticensiav29181394 aES-MaACLjC-18451 c79166d79166 00104070aATENEOMbATENEOMcGaleríad2008-01-17eSCl0oC-18451p1082791r2023-02-23 00:00:00w2023-02-23yMONOGRAFIA